| 000 | 00423nam a2200193Ia 4500 | ||
|---|---|---|---|
| 008 | 240510s9999 xx 000 0 und d | ||
| 020 | _a0008170290147 | ||
| 041 | _aEng | ||
| 082 | _a004.61 | ||
| 082 | _bM11 | ||
| 100 | _aMcCANN J.T. | ||
| 245 | 0 | _aNETWARE PROGRAMMER'S GUIDE | |
| 260 | _bBPB : NEWDELHI | ||
| 260 | _c1993 | ||
| 300 | _a425 p. | ||
| 650 | _aNETWARE PROGRAMMING | ||
| 942 | _2ddc | ||
| 942 | _cLBK | ||
| 999 |
_c26750 _d26750 |
||
| 945 |
_a1 _bMadushi Gamage _c1 _dMadushi Gamage |
||